[Event "Online Olym Div2 B 2021"]
[Site "chess.com INT"]
[Date "2021.09.03"]
[Round "6.5"]
[Board "4"]
[White "Wilson, Julie"]
[Black "Petricenco, Ana"]
[Result "0-1"]
[WhiteElo "1826"]
[BlackElo "1910"]
[WhiteTeam "Wales"]
[BlackTeam "Moldova"]
[WhiteFideId "1800876"]
[BlackFideId "13908596"]
[EventDate "2021.09.02"]
[EventType "team"]

1. d4 d5 2. c4 c6 3. Nf3 Nf6 4. Nc3 dxc4 5. a4 Bd7 6. e3 Bf5 7. Bxc4 e6 8. O-O
Bb4 9. Bd2 O-O 10. Re1 Nbd7 11. Nh4 a5 12. Nxf5 exf5 13. Rc1 Nb6 14. Be2 Nbd5
15. Nxd5 Nxd5 16. Bf3 Bxd2 17. Qxd2 g6 18. Rc5 Nf6 19. Qc2 Nd7 20. Rc3 Re8 21.
Rd1 Nf6 22. Qb1 Qb6 23. b3 Rad8 24. Qc2 Re7 25. h3 Red7 26. Rc5 Nd5 27. Rc1 Nb4
28. Qb1 Re7 29. R5c3 f4 30. Re1 fxe3 31. fxe3 Nd5 32. Rd3 Nb4 33. Rc3 Nd5 34.
Rd3 Qb4 35. Kf2 Nf6 36. Qc2 Ne8 0-1

[Event "Online Olym Div2 B 2021"]
[Site "chess.com INT"]
[Date "2021.09.03"]
[Round "6.5"]
[Board "5"]
[White "Lashkin, Jegor"]
[Black "Fowler, Hugo"]
[Result "1-0"]
[WhiteTitle "FM"]
[WhiteElo "2386"]
[BlackElo "1840"]
[WhiteTeam "Moldova"]
[BlackTeam "Wales"]
[WhiteFideId "13907808"]
[BlackFideId "433411"]
[EventDate "2021.09.02"]
[EventType "team"]

1. d4 Nf6 2. c4 g6 3. Nc3 d5 4. Nf3 Bg7 5. Bg5 Ne4 6. Bf4 Nxc3 7. bxc3 c5 8. e3
O-O 9. cxd5 Qxd5 10. Be2 cxd4 11. cxd4 Qa5+ 12. Qd2 Nc6 13. Qxa5 Nxa5 14. Bd3
Be6 15. Ke2 Rfc8 16. Rhc1 Bc4 17. Nd2 Bxd3+ 18. Kxd3 Nc6 19. Nf3 b5 20. a3 Na5
21. Nd2 Nc6 22. Rc5 e5 23. dxe5 Nxe5+ 24. Rxe5 Bxe5 25. Bxe5 Rc6 26. Ne4 Rac8
27. Bd4 a6 28. Nc3 f5 29. a4 bxa4 30. Rxa4 Kf7 31. Nd5 Rc2 32. Nb6 R8c6 33. Nc4
R6xc4 34. Rxc4 Rxf2 35. Rc2 Rxc2 36. Kxc2 Ke6 37. Kd3 Kd5 38. Bb6 Ke5 39. Ba5
Kd5 40. Bc3 Kc5 41. e4 fxe4+ 42. Kxe4 Kd6 43. Kf4 h6 44. Bg7 h5 45. Kg5 a5 46.
Kxg6 a4 47. Kxh5 1-0

[Event "Online Olym Div2 B 2021"]
[Site "chess.com INT"]
[Date "2021.09.03"]
[Round "6.5"]
[Board "6"]
[White "Fraser, Susanna"]
[Black "Tuktamisova, Diana"]
[Result "0-1"]
[WhiteElo "1641"]
[BlackElo "1615"]
[WhiteTeam "Wales"]
[BlackTeam "Moldova"]
[WhiteFideId "1803921"]
[BlackFideId "13909932"]
[EventDate "2021.09.02"]
[EventType "team"]

1. d4 Nf6 2. Bf4 d5 3. e3 g6 4. Nd2 Bg7 5. Ngf3 Nbd7 6. c3 c5 7. Bd3 Nh5 8. Bg3
Nxg3 9. hxg3 e5 10. e4 exd4 11. cxd4 cxd4 12. exd5 Nc5 13. Bb5+ Bd7 14. Qe2+ Qe7
15. O-O Qxe2 16. Bxe2 d3 17. Bd1 Bxb2 18. Rb1 Bf6 19. Re1+ Kf8 20. Ne4 Nxe4 21.
Rxe4 b6 22. Bb3 Kg7 23. Rd1 a5 24. Re3 Rac8 25. Rexd3 a4 26. Nd2 axb3 27. Rxb3
Ba4 28. Rbb1 Bxd1 29. Rxd1 Rhd8 30. Ne4 Rc2 31. a3 Re2 32. f3 Ra2 33. Rd3 Ra8
34. d6 Bd8 35. d7 R2xa3 36. Rd2 Ra2 37. Rd3 Ra1+ 38. Kh2 Rb8 39. Nd6 b5 40. Re3
b4 41. Re8 Raa8 42. Ne4 b3 43. Nc3 b2 44. Nb1 Bc7 45. Rxb8 Rxb8 46. Kg1 Rd8 47.
Kf1 Rxd7 48. Ke2 Ba5 49. g4 Rc7 50. Kd1 Rc1+ 51. Ke2 Rxb1 52. Kf2 Rf1+ 53. Kxf1
b1=Q+ 54. Ke2 Qe1+ 55. Kd3 Qf1+ 56. Kc2 Qxg2+ 57. Kb1 Bc3 58. Kc1 Qb2+ 59. Kd1
Qd2# 0-1

[Event "Online Olym Div2 B 2021"]
[Site "chess.com INT"]
[Date "2021.09.04"]
[Round "7.1"]
[Board "1"]
[White "Garcia, Jason"]
[Black "Gaehwiler, Gabriel"]
[Result "0-1"]
[BlackTitle "IM"]
[WhiteElo "2028"]
[BlackElo "2402"]
[WhiteTeam "Wales"]
[BlackTeam "Switzerland"]
[WhiteFideId "1801775"]
[BlackFideId "1314530"]
[EventDate "2021.09.02"]
[EventType "team"]

1. Nf3 Nf6 2. c4 g6 3. b3 Bg7 4. Bb2 O-O 5. g3 b6 6. Bg2 Bb7 7. O-O d6 8. d4 Ne4
9. Nc3 Nd7 10. Qc2 Nxc3 11. Bxc3 Nf6 12. d5 e5 13. e4 a5 14. a3 Nd7 15. Nd2 f5
16. f4 Qe7 17. Rae1 Bc8 18. fxe5 Nxe5 19. Nf3 Bd7 20. exf5 Bxf5 21. Qb2 Rae8 22.
Nxe5 dxe5 23. Rf2 Bd3 24. Be4 Rxf2 25. Qxf2 Bxe4 26. Rxe4 Qxa3 27. Qc2 c6 28.
dxc6 Qc5+ 29. Qf2 Qxc6 30. Qe2 Bf6 31. Bb2 Qc5+ 32. Kg2 Qc6 33. Kg1 Be7 34. Bxe5
Bc5+ 35. Kf1 Rxe5 36. Rxe5 Qh1# 0-1

[Event "Online Olym Div2 B 2021"]
[Site "chess.com INT"]
[Date "2021.09.04"]
[Round "7.1"]
[Board "2"]
[White "Arcuti, Davide"]
[Black "Pleasants, Allan J"]
[Result "1/2-1/2"]
[WhiteTitle "FM"]
[WhiteElo "2390"]
[BlackElo "2001"]
[WhiteTeam "Switzerland"]
[BlackTeam "Wales"]
[WhiteFideId "1323725"]
[BlackFideId "411337"]
[EventDate "2021.09.02"]
[EventType "team"]

1. d4 Nf6 2. Nf3 g6 3. Bg5 Bg7 4. Nbd2 d6 5. e4 O-O 6. c3 c6 7. Bd3 Qc7 8. O-O
Nbd7 9. Re1 e5 10. a4 Re8 11. a5 Rb8 12. Bf1 b5 13. axb6 axb6 14. Qc2 b5 15. b4
c5 16. bxc5 dxc5 17. dxe5 Nxe5 18. Nxe5 Qxe5 19. Nf3 Qc7 20. Bh4 Ng4 21. Bg3 Ne5
22. Nd2 c4 23. f4 Nc6 24. Nf3 b4 25. f5 Ne5 26. cxb4 Rxb4 27. Rab1 Nxf3+ 28.
gxf3 Qb6+ 29. Bf2 Bd4 30. Rxb4 Bxf2+ 31. Qxf2 Qxb4 32. Rc1 gxf5 33. Rxc4 Qe7 34.
Bh3 Be6 35. Qg3+ Kf8 36. Rc7 Qb4 37. exf5 Qb1+ 38. Kg2 Bxf5 39. Bg4 Bxg4 40.
fxg4 Qe4+ 41. Qf3 Qxf3+ 42. Kxf3 Kg7 43. h4 Re1 44. Kf4 Rf1+ 45. Kg3 Re1 46. Ra7
Rb1 47. h5 Rb2 48. g5 Rb3+ 49. Kf4 Rb4+ 50. Kg3 Rb3+ 51. Kg4 Rb4+ 52. Kg3 Rb3+ 1/2-1/2

[Event "Online Olym Div2 B 2021"]
[Site "chess.com INT"]
[Date "2021.09.04"]
[Round "7.1"]
[Board "3"]
[White "Smith, Olivia"]
[Black "Tamrazyan, Gohar"]
[Result "1/2-1/2"]
[WhiteTitle "WFM"]
[WhiteElo "2012"]
[BlackElo "1981"]
[WhiteTeam "Wales"]
[BlackTeam "Switzerland"]
[WhiteFideId "411850"]
[BlackFideId "1330799"]
[EventDate "2021.09.02"]
[EventType "team"]

1. e4 c5 2. Nf3 Nc6 3. Bb5 g6 4. O-O Bg7 5. Re1 e5 6. c3 Nge7 7. d4 cxd4 8. cxd4
exd4 9. Nbd2 O-O 10. Nb3 Qb6 11. Bd3 d6 12. h3 Ne5 13. Nbxd4 Nxf3+ 14. Nxf3 Nc6
15. Rb1 Be6 16. a3 Rac8 17. Be3 Qd8 18. Ng5 Ne5 19. Bf1 Bc4 20. f4 Nd7 21. Qxd6
Bxf1 22. Rxf1 h6 23. Nf3 Re8 24. Qd3 Nf6 25. Qxd8 Rexd8 26. Bxa7 Nxe4 27. Rfd1
Rxd1+ 28. Rxd1 Bxb2 29. Rd7 Bxa3 30. Ne5 Nd6 31. Bd4 b5 32. Kh2 Rb8 33. Nc6 Re8
34. Ne7+ Kf8 35. Nc6 Nf5 36. Be5 b4 37. Rb7 Ne3 38. Nxb4 Bxb4 39. Rxb4 g5 40.
Bd6+ Kg7 41. fxg5 hxg5 42. Bc5 Nd5 43. Rb2 f5 44. Kg3 Kg6 45. Rd2 f4+ 46. Kh2
Nf6 47. Rd6 Kf5 48. Rb6 Ne4 49. Rb5 Re5 50. Rb8 Nxc5 51. Rf8+ Ke4 52. h4 gxh4
53. Kh3 Rh5 54. Kg4 Rh7 55. Re8+ Kd3 56. Kxf4 Nd7 57. Re3+ Kd2 58. Rh3 Nf6 59.
Kf5 Nd5 60. Kg4 Ne3+ 61. Kf3 Rf7+ 62. Ke4 Nxg2 63. Rh2 Rf2 64. Ke5 Ke2 65. Ke4
Kf1 66. Rh1+ Ke2 67. Rh2 Kd2 68. Rh3 Ke1 69. Rh1+ Ke2 70. Rh2 1/2-1/2

[Event "Online Olym Div2 B 2021"]
[Site "chess.com INT"]
[Date "2021.09.04"]
[Round "7.1"]
[Board "4"]
[White "Thode, Gilda"]
[Black "Chong, Kimberly"]
[Result "1-0"]
[WhiteElo "1986"]
[BlackElo "1790"]
[WhiteTeam "Switzerland"]
[BlackTeam "Wales"]
[WhiteFideId "1323628"]
[BlackFideId "1804723"]
[EventDate "2021.09.02"]
[EventType "team"]

1. d4 Nf6 2. Nf3 d5 3. c4 e6 4. Nc3 Be7 5. Bg5 O-O 6. e3 a6 7. a4 h6 8. Bh4 Ne4
9. Bxe7 Qxe7 10. Nxe4 dxe4 11. Nd2 f5 12. Qb3 Nd7 13. Be2 b6 14. O-O Bb7 15. Qc2
c5 16. Rfd1 cxd4 17. exd4 Qg5 18. a5 e3 19. Nf3 exf2+ 20. Kxf2 Qf6 21. axb6 g5
22. Qc3 g4 23. Ne5 Qh4+ 24. Qg3 Qxg3+ 25. hxg3 Nxb6 26. c5 Nd5 27. c6 Bc8 28.
Ra3 Kg7 29. Rda1 Nb4 30. Ra4 a5 31. Rxb4 1-0

[Event "Online Olym Div2 B 2021"]
[Site "chess.com INT"]
[Date "2021.09.04"]
[Round "7.1"]
[Board "5"]
[White "Fowler, Hugo"]
[Black "Fecker, Noah"]
[Result "0-1"]
[BlackTitle "FM"]
[WhiteElo "1840"]
[BlackElo "2333"]
[WhiteTeam "Wales"]
[BlackTeam "Switzerland"]
[WhiteFideId "433411"]
[BlackFideId "1334263"]
[EventDate "2021.09.02"]
[EventType "team"]

1. e4 c5 2. c3 Nf6 3. e5 Nd5 4. d4 cxd4 5. cxd4 e6 6. Nc3 Nxc3 7. bxc3 d6 8. f4
Qc7 9. Bd2 Nc6 10. Nf3 Bd7 11. Bd3 Na5 12. Qe2 Rc8 13. Rb1 Bc6 14. O-O Be7 15.
f5 Bd5 16. Bb5+ Nc6 17. fxe6 Bxe6 18. exd6 Qxd6 19. Ne5 O-O 20. Nxc6 bxc6 21.
Ba6 Rcd8 22. Rb7 Rd7 23. Bf4 Qd5 24. Rxd7 Qxd7 25. Rb1 c5 26. Rb7 Qd8 27. Bc7
Qd5 28. Bf4 Bf6 29. Be5 cxd4 30. cxd4 Bd8 31. Rxa7 Bb6 32. Rb7 Bxd4+ 33. Bxd4
Qxd4+ 34. Kf1 Qa1+ 35. Kf2 Bxa2 36. Bd3 Qf6+ 37. Kg3 Qd6+ 38. Kf2 Bd5 39. Rb5
Rd8 40. Qh5 g6 41. Qe2 Qxh2 42. Qe3 Qxg2+ 43. Ke1 Bc6 44. Rc5 Rxd3 45. Qxd3 Qg1+ 0-1

[Event "Online Olym Div2 B 2021"]
[Site "chess.com INT"]
[Date "2021.09.04"]
[Round "7.1"]
[Board "6"]
[White "Zhuang, Yongzhe"]
[Black "Fraser, Susanna"]
[Result "1-0"]
[WhiteElo "1645"]
[BlackElo "1641"]
[WhiteTeam "Switzerland"]
[BlackTeam "Wales"]
[WhiteFideId "1339893"]
[BlackFideId "1803921"]
[EventDate "2021.09.02"]
[EventType "team"]

1. e4 e5 2. Nf3 Nc6 3. Bc4 Bc5 4. c3 Nf6 5. d3 h6 6. Nbd2 O-O 7. O-O d6 8. h3
Be6 9. Bb5 a6 10. Ba4 b5 11. Bc2 d5 12. exd5 Bxd5 13. Re1 Re8 14. b4 Bb6 15. a4
e4 16. dxe4 Bxe4 17. Nxe4 Nxe4 18. Qxd8 Bxf2+ 19. Kh2 Bg3+ 20. Kg1 Raxd8 21.
Bxe4 Bxe1 22. Bxc6 Bxc3 23. Rb1 Rd1+ 24. Kh2 Be5+ 25. Nxe5 Rxe5 26. axb5 axb5
27. Ra1 Ree1 28. Ra8+ Kh7 29. Bf4 Rh1+ 30. Kg3 Rd3+ 31. Kf2 Rb1 32. Be4+ g6 33.
Bxd3 Rb2+ 34. Ke3 Rxb4 35. Bxc7 Rb2 36. Be4 b4 37. Rf8 Rb3+ 38. Kf4 Kg7 39.
Rxf7+ Kxf7 40. Bd5+ Kf6 41. Bxb3 g5+ 42. Ke4 h5 43. Bd6 g4 44. hxg4 hxg4 45.
Bxb4 Kg5 46. Bd2+ Kh4 47. Kf5 Kg3 48. Bd5 Kh4 49. Bf4 g3 50. Bg5+ Kh5 51. Bf7# 1-0

[Event "Online Olym Div2 B 2021"]
[Site "chess.com INT"]
[Date "2021.09.04"]
[Round "7.2"]
[Board "1"]
[White "Madaminov, Mukhiddin"]
[Black "Bologan, Victor"]
[Result "0-1"]
[WhiteTitle "FM"]
[BlackTitle "GM"]
[WhiteElo "2260"]
[BlackElo "2574"]
[WhiteTeam "Uzbekistan"]
[BlackTeam "Moldova"]
[WhiteFideId "14210703"]
[BlackFideId "13900048"]
[EventDate "2021.09.02"]
[EventType "team"]

1. e4 c6 2. Nc3 d5 3. Nf3 Bg4 4. h3 Bxf3 5. Qxf3 e6 6. d4 Nf6 7. Bd3 dxe4 8.
Nxe4 Qxd4 9. O-O Nbd7 10. Rd1 Be7 11. Be3 Qa4 12. b3 Qa5 13. Bd2 Qd8 14. Bc3 Qc7
15. Bd4 Nxe4 16. Bxe4 Bf6 17. Rd2 Bxd4 18. Rxd4 Nf6 19. Rad1 O-O 20. Qd3 h6 21.
c4 a5 22. Rd6 Qb6 23. Bf3 a4 24. b4 Qxb4 25. Rb1 Qa5 26. Rxb7 Rad8 27. c5 Nd5
28. Qd4 Qa6 29. Rbd7 Rxd7 30. Rxd7 Qb5 31. Ra7 Qb1+ 32. Kh2 Qxa2 33. Rxa4 Qb3
34. Ra7 Qb8+ 35. g3 Qxa7 0-1

[Event "Online Olym Div2 B 2021"]
[Site "chess.com INT"]
[Date "2021.09.04"]
[Round "7.2"]
[Board "2"]
[White "Iordachescu, Viorel"]
[Black "Rakhmatullaev, Almas"]
[Result "1-0"]
[WhiteTitle "GM"]
[WhiteElo "2587"]
[BlackElo "2183"]
[WhiteTeam "Moldova"]
[BlackTeam "Uzbekistan"]
[WhiteFideId "13900200"]
[BlackFideId "14205793"]
[EventDate "2021.09.02"]
[EventType "team"]

1. e4 e5 2. Nf3 Nc6 3. Bb5 a6 4. Ba4 Nf6 5. O-O Nxe4 6. d4 b5 7. Bb3 d5 8. dxe5
Be6 9. Be3 Bc5 10. Qd3 O-O 11. Nc3 Bxe3 12. Qxe3 Nxc3 13. Qxc3 Ne7 14. a4 Qd7
15. Nd4 c6 16. Qc5 Rfc8 17. c3 Nf5 18. Rfd1 Qe7 19. Qxe7 Nxe7 20. axb5 axb5 21.
Bc2 g6 22. h4 Kg7 23. Bd3 Bd7 24. b4 Rxa1 25. Rxa1 c5 26. bxc5 Rxc5 27. Ra7 Rxc3
28. Bxb5 Bxb5 29. Rxe7 Kf8 30. Ra7 Be8 31. Ra5 Bc6 32. Ra6 Be8 33. Rd6 Rc5 34.
h5 gxh5 35. f4 h4 36. Kf2 Ra5 37. f5 Ra2+ 38. Kf3 Ra3+ 39. Kf4 Ra2 40. Rh6 Rxg2
41. Rxh7 Rd2 42. Ke3 Rh2 43. Rh8+ Ke7 44. f6+ Kd7 45. Rh7 Kd8 46. e6 fxe6 47.
Nxe6+ Kc8 48. Rc7+ Kb8 49. Re7 Bc6 50. f7 Rh3+ 51. Kf2 Rh2+ 52. Kg1 1-0

[Event "Online Olym Div2 B 2021"]
[Site "chess.com INT"]
[Date "2021.09.04"]
[Round "7.2"]
[Board "3"]
[White "Salimova, Asal"]
[Black "Gitu, Paula-Alexandra"]
[Result "1/2-1/2"]
[BlackTitle "WFM"]
[WhiteElo "1905"]
[BlackElo "2113"]
[WhiteTeam "Uzbekistan"]
[BlackTeam "Moldova"]
[WhiteFideId "14204940"]
[BlackFideId "13904620"]
[EventDate "2021.09.02"]
[EventType "team"]

1. d4 f5 2. Bf4 Nf6 3. e3 e6 4. Nf3 b6 5. Bd3 Bb7 6. h3 Be7 7. c4 Bb4+ 8. Nc3
O-O 9. O-O Bxc3 10. bxc3 d6 11. a4 Nbd7 12. Bh2 Qe7 13. a5 Be4 14. Be2 h6 15.
Nd2 Bc6 16. Qc2 Kh8 17. f3 Nh5 18. e4 f4 19. Nb3 e5 20. Nc1 Qg5 21. Nd3 Rf6 22.
Nb4 Rg6 23. Bd3 Bb7 24. Ra2 Qf6 25. a6 Bc8 26. Nd5 Qd8 27. Qa4 Nb8 28. Kh1 Ng3+
29. Bxg3 Rxg3 30. Rb1 Bd7 31. Qd1 c6 32. Nb4 Qh4 33. Bf1 g5 34. dxe5 dxe5 35.
Qd6 g4 36. Qf8+ Kh7 37. Qf7+ Kh8 38. Qf8+ Kh7 39. Qf7+ Kh8 40. Qf8+ 1/2-1/2

[Event "Online Olym Div2 B 2021"]
[Site "chess.com INT"]
[Date "2021.09.04"]
[Round "7.2"]
[Board "4"]
[White "Verbin, Valentina"]
[Black "Malikova, Marjona"]
[Result "1-0"]
[WhiteElo "2039"]
[BlackElo "1684"]
[WhiteTeam "Moldova"]
[BlackTeam "Uzbekistan"]
[WhiteFideId "13905910"]
[BlackFideId "14212463"]
[EventDate "2021.09.02"]
[EventType "team"]

1. e4 c6 2. d4 d5 3. e5 c5 4. dxc5 e6 5. Nf3 Bxc5 6. Bd3 Ne7 7. a3 a5 8. O-O h6
9. Nc3 Bd7 10. Bf4 Nbc6 11. h4 Nd4 12. Nxd4 Bxd4 13. Nb5 Bc5 14. Qd2 Ng6 15. Bg3
Ne7 16. b4 Bb6 17. Nd6+ Kf8 18. Qf4 Be8 19. h5 Nc8 20. Bh4 Qc7 21. c4 Nxd6 22.
exd6 Qd7 23. c5 Bd8 24. a4 Bxh4 25. Qxh4 f5 26. Rfe1 g5 27. hxg6 Bxg6 28. Qf6+
Bf7 29. Qxh8+ Bg8 30. Qxh6+ Ke8 31. Bxf5 Kd8 32. Bxe6 Bxe6 33. Qf8+ Qe8 34.
Qxe8+ Kxe8 35. Rxe6+ Kd7 36. Re7+ 1-0

[Event "Online Olym Div2 B 2021"]
[Site "chess.com INT"]
[Date "2021.09.04"]
[Round "7.2"]
[Board "5"]
[White "Begmuratov, Khumoyun"]
[Black "Lashkin, Jegor"]
[Result "1/2-1/2"]
[WhiteTitle "CM"]
[BlackTitle "FM"]
[WhiteElo "2148"]
[BlackElo "2386"]
[WhiteTeam "Uzbekistan"]
[BlackTeam "Moldova"]
[WhiteFideId "14210207"]
[BlackFideId "13907808"]
[EventDate "2021.09.02"]
[EventType "team"]

1. e4 c5 2. Nf3 d6 3. d4 cxd4 4. Qxd4 Nc6 5. Bb5 Bd7 6. Bxc6 Bxc6 7. O-O Nf6 8.
Nc3 e5 9. Qd3 h6 10. a4 Rc8 11. b3 Be7 12. Ba3 O-O 13. Nd2 d5 14. Bxe7 Qxe7 15.
Nxd5 Bxd5 16. exd5 e4 17. d6 exd3 18. dxe7 Rfe8 19. cxd3 Rxe7 20. Nc4 Rd8 21.
Rad1 Red7 22. Ne5 Rd5 23. Rfe1 Nd7 24. Nxd7 R8xd7 25. Re3 Rc7 26. d4 Rxd4 27.
Rde1 g6 28. g3 Rb4 29. Rd3 Kg7 30. h4 h5 31. Kg2 Rc6 32. Re7 Rf6 33. f4 Kf8 34.
Rc7 a5 35. Kh3 b5 36. axb5 Rxb5 37. Ra7 Rfb6 38. Rdd7 Rf5 39. Rd3 Rfb5 40. Rd8+
Kg7 41. Rdd7 Rf6 42. Rab7 Rxb7 43. Rxb7 Rc6 44. Rb5 Rc3 45. Rxa5 Rxb3 46. Ra6
Rb5 47. Rd6 Rf5 48. Rd3 Rf6 49. Re3 Rf5 50. Kg2 Rf6 51. Kf3 Ra6 52. Rd3 Rb6 53.
Rc3 Ra6 54. Rb3 Rc6 55. Rb5 Rc3+ 56. Kg2 Kf6 57. Rb6+ Kg7 1/2-1/2

[Event "Online Olym Div2 B 2021"]
[Site "chess.com INT"]
[Date "2021.09.04"]
[Round "7.2"]
[Board "6"]
[White "Mihailova, Alina"]
[Black "Khegay, Yuliya"]
[Result "1/2-1/2"]
[BlackTitle "WFM"]
[WhiteElo "1884"]
[BlackElo "1848"]
[WhiteTeam "Moldova"]
[BlackTeam "Uzbekistan"]
[WhiteFideId "13907018"]
[BlackFideId "14205394"]
[EventDate "2021.09.02"]
[EventType "team"]

1. d4 d5 2. c4 dxc4 3. Nf3 Nf6 4. e3 e6 5. Bxc4 a6 6. O-O b5 7. Bd3 c5 8. Nc3
Bb7 9. Qe2 Nbd7 10. Rd1 c4 11. Bc2 Be7 12. e4 b4 13. Nb1 Nb6 14. Nbd2 Qc7 15.
Ne5 Rc8 16. Ndf3 O-O 17. Bd2 a5 18. Rac1 Qb8 19. Bb1 Ba6 20. Qe1 Na4 21. b3 Nb2
22. bxc4 Nxd1 23. Qxd1 Qb7 24. Qe1 Nd7 25. Nxd7 Qxd7 26. e5 Bb7 27. Ng5 Bxg5 28.
Bxg5 Qxd4 29. Qe2 f6 30. exf6 gxf6 31. Qxe6+ Kg7 32. Be3 Qe5 33. Qg4+ Kh8 34.
Bf4 Qe7 35. Qf5 Rxc4 36. Rd1 Rd4 37. Rc1 Rd5 38. Qh3 Rc5 39. Rd1 Rd5 40. Rc1 Rc5
41. Rd1 Rd5 42. Rc1 1/2-1/2

[Event "Online Olym Div2 B 2021"]
[Site "chess.com INT"]
[Date "2021.09.04"]
[Round "7.3"]
[Board "1"]
[White "Shengelia, David"]
[Black "Meshkovs, Nikita"]
[Result "1/2-1/2"]
[WhiteTitle "GM"]
[BlackTitle "GM"]
[WhiteElo "2524"]
[BlackElo "2550"]
[WhiteTeam "Austria"]
[BlackTeam "Latvia"]
[WhiteFideId "13601270"]
[BlackFideId "11602740"]
[EventDate "2021.09.02"]
[EventType "team"]

1. d4 d5 2. Nf3 Nf6 3. c4 e6 4. e3 c5 5. cxd5 exd5 6. Bb5+ Nc6 7. Ne5 Bd7 8.
Nxd7 Qxd7 9. dxc5 Bxc5 10. O-O O-O 11. Nc3 Rad8 12. b3 d4 13. Na4 Bb4 14. exd4
Qxd4 15. Bb2 Qf4 16. Qc1 Bd2 17. Qc2 Nd4 18. Bxd4 Rxd4 19. Be2 Qe4 20. Qxe4 Nxe4
21. Rad1 Rc8 22. Bf3 Nd6 23. Nb2 b5 24. Be2 Rc3 25. Nd3 Rdxd3 26. Bxd3 Rxd3 27.
Rfe1 Bxe1 28. Rxd3 Bb4 29. g3 g5 30. Kg2 f6 31. Rd4 a5 32. f4 h6 33. Kf3 Kf7 34.
fxg5 fxg5 35. h4 gxh4 36. gxh4 Ke6 37. Rg4 Kf6 38. h5 Nf7 39. Rg6+ Kf5 40. Rg7
Ne5+ 41. Kg3 Be1+ 42. Kh3 Bd2 43. Rb7 b4 44. Rb5 Ke4 45. Rxa5 Nc6 46. Ra6 Nd4
47. a3 bxa3 48. Rxa3 Bc1 49. Ra4 Kd5 50. Kg4 Nxb3 51. Kf5 Nd4+ 52. Kg6 Bd2 53.
Ra2 Be3 54. Ra3 Bf4 55. Ra8 Bg5 56. Rh8 Ne6 57. Rxh6 Bxh6 58. Kxh6 Nf4 59. Kg5
Nxh5 1/2-1/2

[Event "Online Olym Div2 B 2021"]
[Site "chess.com INT"]
[Date "2021.09.04"]
[Round "7.3"]
[Board "2"]
[White "Kantans, Toms"]
[Black "Froewis, Georg"]
[Result "1/2-1/2"]
[WhiteTitle "GM"]
[BlackTitle "IM"]
[WhiteElo "2481"]
[BlackElo "2453"]
[WhiteTeam "Latvia"]
[BlackTeam "Austria"]
[WhiteFideId "11602945"]
[BlackFideId "1618423"]
[EventDate "2021.09.02"]
[EventType "team"]

1. e4 e6 2. d4 d5 3. Nd2 Nc6 4. Ngf3 Nf6 5. e5 Nd7 6. c4 dxc4 7. Nxc4 Nb6 8. a3
Be7 9. Be3 Nd5 10. Bd3 b5 11. Ncd2 a6 12. Rc1 Bb7 13. O-O g5 14. Ne4 g4 15. Nfd2
Nxe3 16. fxe3 Nxe5 17. Bb1 Ng6 18. Nc5 Bxc5 19. Rxc5 f5 20. Qb3 Bd5 21. Qc3 O-O
22. Rxc7 Rc8 23. Rxc8 Qxc8 24. e4 fxe4 25. Qxc8 Rxc8 26. Nxe4 Rc4 27. Rd1 Kg7
28. Kf2 Ne7 29. Nc3 b4 30. axb4 Rxb4 31. Rd2 h5 32. Ke3 Bb7 33. Be4 Bxe4 34.
Kxe4 Kf6 35. Kd3 Nf5 36. Ne4+ Kf7 37. Kc3 Rb6 38. Kc4 Ne3+ 39. Kc5 Rb5+ 40. Kc6
Ke7 41. Nc3 Rf5 42. Re2 Nd5 43. Ne4 Nb4+ 44. Kc7 Rb5 45. Nc5 Nd5+ 46. Kc8 Rb6
47. g3 a5 48. b3 Kf7 49. Re5 Rb4 50. Nxe6 Ne7+ 51. Kc7 Rxb3 52. Nd8+ Kf8 53. d5
Rc3+ 54. Nc6 Nxc6 55. dxc6 a4 56. Kd7 a3 57. Rf5+ Kg7 58. c7 Rd3+ 59. Kc8 a2 60.
Ra5 Rd2 61. Ra6 Rxh2 62. Kd8 Rd2+ 63. Ke7 Re2+ 64. Kd8 Rd2+ 65. Ke7 Rc2 66. Kd7
h4 67. gxh4 Rd2+ 68. Ke7 Rc2 69. Kd7 Rd2+ 70. Ke7 Rc2 71. Kd7 1/2-1/2

[Event "Online Olym Div2 B 2021"]
[Site "chess.com INT"]
[Date "2021.09.04"]
[Round "7.3"]
[Board "3"]
[White "Theissl Pokorna, Regina"]
[Black "Rogule, Laura"]
[Result "0-1"]
[WhiteTitle "WGM"]
[BlackTitle "WGM"]
[WhiteElo "2296"]
[BlackElo "2286"]
[WhiteTeam "Austria"]
[BlackTeam "Latvia"]
[WhiteFideId "14902052"]
[BlackFideId "11601876"]
[EventDate "2021.09.02"]
[EventType "team"]

1. e4 c5 2. Nc3 Nc6 3. g3 g6 4. Bg2 Bg7 5. d3 d6 6. Be3 Nf6 7. h3 Rb8 8. Qd2 b5
9. Bh6 Bxh6 10. Qxh6 Nd4 11. Qd2 e5 12. Nd1 b4 13. c3 bxc3 14. bxc3 Ne6 15. Ne2
O-O 16. O-O d5 17. exd5 Nxd5 18. Nb2 Ng5 19. h4 Ne6 20. Nc4 f6 21. Rab1 Bb7 22.
Rb2 Nb6 23. Ne3 Bxg2 24. Kxg2 Rf7 25. Qc2 Kg7 26. Rd1 Rd7 27. a4 Nd5 28. Nxd5
Rxd5 29. Rxb8 Qxb8 30. Qa2 Qd6 31. Qc4 Qd7 32. Nc1 Nf4+ 33. gxf4 Qg4+ 34. Kh2
Qxh4+ 35. Kg2 Qg4+ 36. Kh2 Qh4+ 37. Kg2 Qg4+ 38. Kh2 Qh5+ 39. Kg2 exf4 40. Ne2
f3+ 41. Kg1 fxe2 0-1

[Event "Online Olym Div2 B 2021"]
[Site "chess.com INT"]
[Date "2021.09.04"]
[Round "7.3"]
[Board "4"]
[White "Vidruska, Renate"]
[Black "Polterauer, Chiara"]
[Result "1-0"]
[WhiteTitle "WFM"]
[BlackTitle "WFM"]
[WhiteElo "2000"]
[BlackElo "2190"]
[WhiteTeam "Latvia"]
[BlackTeam "Austria"]
[WhiteFideId "11601841"]
[BlackFideId "1638165"]
[EventDate "2021.09.02"]
[EventType "team"]

1. e4 e5 2. Nf3 Nc6 3. Bc4 Bc5 4. c3 Nf6 5. d4 exd4 6. e5 d5 7. Bb5 Ne4 8. cxd4
Bb6 9. Nc3 Bg4 10. Be3 O-O 11. h3 Bh5 12. Qc2 Bg6 13. Qa4 Ne7 14. Nh4 a6 15. Be2
Nf5 16. Nxf5 Bxf5 17. Qb3 Be6 18. O-O c5 19. Qd1 Rc8 20. Na4 Ba7 21. Nxc5 Nxc5
22. dxc5 Bxc5 23. Bxc5 Rxc5 24. Qd4 Qc7 25. Bd3 g6 26. f4 Rc6 27. Kh1 Qb6 28.
Qxb6 Rxb6 29. b3 Rc8 30. Rac1 Rbc6 31. Rcd1 f6 32. exf6 Bf7 33. f5 Rxf6 34. fxg6
Rxf1+ 35. Rxf1 hxg6 36. Rd1 Kg7 37. Kg1 Kf6 38. Rf1+ Ke7 39. Kf2 Kd6 40. Ke3 Ke6
41. Kd4 Rc7 42. Re1+ Kd6 43. Rf1 Ke6 44. Re1+ Kd6 45. Re3 Rc1 46. Rg3 Rd1 47.
Kc3 Ke5 48. Bxg6 Be6 49. Bc2 d4+ 50. Kb2 Rd2 51. Kc1 Rf2 52. Rg5+ Kf4 53. Rg7
Ke3 54. Re7 Rf6 55. b4 d3 56. Bb3 d2+ 57. Kc2 Kf2 58. Rxe6 Rxe6 59. Bxe6 Ke1 60.
Bg4 b6 61. a4 a5 62. bxa5 bxa5 63. h4 1-0